[Event "Chojnice op-B 4th"]
[Site "Chojnice"]
[Date "2008.07.12"]
[Round "1"]
[White "Ginter, Pawel"]
[Black "Sowa, Martyna"]
[Result "0-1"]
[WhiteElo "1916"]
[BlackElo "1628"]
[PlyCount "73"]
[EventDate "2008.07.12"]
[EventType "swiss"]
[EventRounds "9"]
[EventCountry "POL"]
[SourceTitle "EXT 2018"]
[Source "ChessBase"]
[SourceDate "2017.10.13"]
[SourceVersion "1"]
[SourceVersionDate "2017.10.13"]
[SourceQuality "1"]

1. e4 c5 2. c3 Nf6 3. e5 Nd5 4. d4 cxd4 5. cxd4 e6 6. a3 d6 7. Nf3 Be7 8. Nc3 Nxc3 9. bxc3 Qc7 10. Bb2 Nd7 11. Bb5 0-0 12. Qe2 d5 13. 0-0 Nb6 14. Rac1 Bd7 15. Bd3 Na4 16. Bb5 Bxb5 17. Qxb5 Nxb2 18. Qxb2 Rab8 19. a4 Rfc8 20. Nd2 a6 21. Nb3 b5 22. a5 Qd7 23. f4 b4 24. Rf3 bxc3 25. Rfxc3 Rxc3 26. Qxc3 Qb5 27. Nc5 Bd8 28. Ra1 Qe2 29. Nd3 Qe3+ 30. Kf1 Bxa5 31. Qc2 Bb6 32. Rb1 Qxd4 33. Nc5 Qxf4+ 34. Ke2 Qxe5+ 35. Kf3 Qh5+ 36. Kf2 Bxc5+ 37. Qxc5 0-1

[Event "POL-chT Region 0607"]
[Site "Poland"]
[Date "2007.02.18"]
[Round "8"]
[White "Szymczak, Przemyslaw"]
[Black "Ginter, Pawel"]
[Result "0-1"]
[WhiteElo "1800"]
[BlackElo "1900"]
[PlyCount "120"]
[EventDate "2006.11.12"]
[EventType "team"]
[EventRounds "11"]
[EventCountry "POL"]
[SourceTitle "EXT 2008"]
[Source "ChessBase"]
[SourceDate "2007.11.25"]
[SourceVersion "1"]
[SourceVersionDate "2007.11.25"]
[SourceQuality "1"]

1. d4 d5 2. c4 c6 3. Nc3 Nf6 4. Nf3 h6 5. h3 e6 6. a3 Bd6 7. e3 0-0 8. Bd3 dxc4 9. Bxc4 b5 10. Bd3 Bb7 11. 0-0 a6 12. e4 Be7 13. e5 Nd5 14. Nxd5 Qxd5 15. Re1 c5 16. Be4 Qd7 17. Bxb7 Qxb7 18. dxc5 Rd8 19. Qc2 Nd7 20. b4 Qc7 21. Bb2 Nb6 22. Rad1 Nd5 23. Nd4 Rac8 24. Qe2 Nf4 25. Qg4 g5 26. g3 h5 27. Qf3 Nxh3+ 28. Kh2 g4 29. Qe3 Ng5 30. f4 Rxd4 31. fxg5 Rxd1 32. Rxd1 Rd8 33. Rd6 Qb7 34. Rxd8+ Bxd8 35. g6 Qf3 36. Qxf3 gxf3 37. gxf7+ Kxf7 38. Kg1 Ke7 39. Kf2 Kd7 40. Kxf3 Bg5 41. Ke4 Kc6 42. Bd4 Bc1 43. Be3 Bxa3 44. Bd2 Bb2 45. Kf4 Kd5 46. Kg5 Bxe5 47. Be1 a5 48. bxa5 Kxc5 49. Kxh5 b4 50. Bxb4+ Kxb4 51. a6 Bd4 52. g4 Kb5 53. g5 Kxa6 54. Kg4 Bg7 55. Kh5 Kb6 56. Kg6 Bh8 57. Kh5 Kc6 58. Kg4 Kd5 59. Kf3 Ke5 60. Kg4 Bg7 0-1

[Event "Chojnice op-B 2nd"]
[Site "Chojnice"]
[Date "2006.??.??"]
[Round "8"]
[White "Czapiewski, Waldemar"]
[Black "Ginter, Pawel"]
[Result "1-0"]
[WhiteElo "1800"]
[BlackElo "1800"]
[PlyCount "49"]
[EventDate "2006.07.??"]
[EventType "swiss"]
[EventRounds "9"]
[EventCountry "POL"]
[SourceTitle "EXT 2007"]
[Source "ChessBase"]
[SourceDate "2006.11.23"]
[SourceVersion "1"]
[SourceVersionDate "2006.11.23"]
[SourceQuality "1"]

1. e4 e6 2. d4 d5 3. exd5 exd5 4. Bd3 Bd6 5. Ne2 Ne7 6. 0-0 Be6 7. c3 Nd7 8. Re1 c5 9. b3 Qc7 10. h4 b6 11. Na3 a6 12. Bb2 Rc8 13. Bxa6 Ra8 14. Nb5 Qb8 15. Nxd6+ Qxd6 16. Bb5 0-0 17. Bc1 Ng6 18. Bxd7 Qxd7 19. Nf4 Nxf4 20. Bxf4 Rfe8 21. Qd2 h6 22. Re3 f6 23. h5 Re7 24. Rae1 Rae8 25. f3 1-0

[Event "Chojnice op-B 2nd"]
[Site "Chojnice"]
[Date "2006.??.??"]
[Round "4"]
[White "Ginter, Pawel"]
[Black "Rogalski, Piotr"]
[Result "1-0"]
[WhiteElo "1800"]
[BlackElo "1800"]
[PlyCount "97"]
[EventDate "2006.07.??"]
[EventType "swiss"]
[EventRounds "9"]
[EventCountry "POL"]
[SourceTitle "EXT 2007"]
[Source "ChessBase"]
[SourceDate "2006.11.23"]
[SourceVersion "1"]
[SourceVersionDate "2006.11.23"]
[SourceQuality "1"]

1. e4 c5 2. Nf3 d6 3. c3 Nf6 4. d3 e6 5. Bg5 Be7 6. Nbd2 0-0 7. Be2 a6 8. d4 cxd4 9. cxd4 Nc6 10. 0-0 Bd7 11. a3 h6 12. Be3 Re8 13. h3 Bf8 14. b4 d5 15. e5 Nh7 16. Nh2 Ne7 17. Bd3 Bb5 18. Bxb5 axb5 19. g4 Ng6 20. f4 Ne7 21. f5 exf5 22. gxf5 Nc6 23. Qg4 Kh8 24. Kh1 Ra6 25. Rg1 Nb8 26. Nb3 Nd7 27. Qg2 Qh4 28. Qxd5 Ndf6 29. Qxb7 Nh5 30. Qg2 Nf4 31. Bxf4 Qxf4 32. Qg4 Qe3 33. Qf3 Qxf3+ 34. Nxf3 Rc8 35. Nc5 Ra7 36. Rgd1 Be7 37. Rd3 Nf8 38. Nd2 Bg5 39. Nde4 Bf4 40. Rf3 g5 41. h4 Nd7 42. Nxd7 Rxd7 43. Rd1 Rc4 44. hxg5 hxg5 45. e6 fxe6 46. fxe6 Re7 47. Nc5 Rc7 48. Rh3+ Kg7 49. d5 1-0

[Event "Chojnice op-B 2nd"]
[Site "Chojnice"]
[Date "2006.??.??"]
[Round "7"]
[White "Ginter, Pawel"]
[Black "Smagalski, Jaroslaw"]
[Result "0-1"]
[WhiteElo "1800"]
[BlackElo "1975"]
[PlyCount "63"]
[EventDate "2006.07.??"]
[EventType "swiss"]
[EventRounds "9"]
[EventCountry "POL"]
[SourceTitle "EXT 2007"]
[Source "ChessBase"]
[SourceDate "2006.11.23"]
[SourceVersion "1"]
[SourceVersionDate "2006.11.23"]
[SourceQuality "1"]

1. e4 e5 2. Nf3 Nc6 3. Bc4 Bc5 4. d3 Nf6 5. Nc3 h6 6. 0-0 d6 7. h3 0-0 8. Be3 Bb6 9. Qe2 Be6 10. Bb3 Qe7 11. Nd2 Nd4 12. Bxd4 Bxd4 13. Nd1 Nh7 14. c3 Bb6 15. Ne3 Ng5 16. Kh2 Qf6 17. h4 Nh7 18. g3 Qg6 19. f4 Bxb3 20. f5 Qf6 21. Nxb3 c6 22. Nd2 Bxe3 23. Qxe3 Qe7 24. Qf3 Rfe8 25. Nc4 Rad8 26. Ne3 d5 27. Rf2 dxe4 28. dxe4 Qc5 29. Ng4 h5 30. Ne3 Rd3 31. Re1 Nf6 32. Qe2 0-1

[Event "Chojnice op-B 2nd"]
[Site "Chojnice"]
[Date "2006.??.??"]
[Round "9"]
[White "Ginter, Pawel"]
[Black "Wodzynski, Mieszko"]
[Result "1/2-1/2"]
[WhiteElo "1800"]
[BlackElo "1800"]
[PlyCount "62"]
[EventDate "2006.07.??"]
[EventType "swiss"]
[EventRounds "9"]
[EventCountry "POL"]
[SourceTitle "EXT 2007"]
[Source "ChessBase"]
[SourceDate "2006.11.23"]
[SourceVersion "1"]
[SourceVersionDate "2006.11.23"]
[SourceQuality "1"]

1. e4 e5 2. Bc4 Bc5 3. d3 Nf6 4. h3 d6 5. Ne2 Be6 6. Bb3 0-0 7. Be3 Bb6 8. Nbc3 c6 9. d4 exd4 10. Bxd4 d5 11. Bxb6 Qxb6 12. e5 Nfd7 13. f4 Nc5 14. Qd4 Nba6 15. g4 Nb4 16. 0-0-0 Nxb3+ 17. axb3 c5 18. Qf2 Qa5 19. f5 Qa1+ 20. Kd2 Qxb2 21. Rc1 d4 22. Na4 Qa2 23. Nxc5 Rac8 24. Nxd4 Rxc5 25. fxe6 fxe6 26. Qxf8+ Kxf8 27. Nxe6+ Ke7 28. Nxc5 Qa5 29. c3 Qa2+ 30. Ke3 Nd5+ 31. Kd3 b6 1/2-1/2

[Event "Chojnice op-B 2nd"]
[Site "Chojnice"]
[Date "2006.??.??"]
[Round "6"]
[White "Ginter, Pawel"]
[Black "Zimochocki, Roman"]
[Result "0-1"]
[WhiteElo "1800"]
[BlackElo "1881"]
[PlyCount "148"]
[EventDate "2006.07.??"]
[EventType "swiss"]
[EventRounds "9"]
[EventCountry "POL"]
[SourceTitle "EXT 2007"]
[Source "ChessBase"]
[SourceDate "2006.11.23"]
[SourceVersion "1"]
[SourceVersionDate "2006.11.23"]
[SourceQuality "1"]

1. e4 c6 2. d4 d5 3. e5 Bf5 4. Nf3 e6 5. Bd3 Bxd3 6. Qxd3 Nd7 7. 0-0 Ne7 8. Be3 Qc7 9. Nbd2 h5 10. Nh4 c5 11. c3 Nc6 12. f4 Be7 13. Ndf3 g6 14. Ng5 cxd4 15. Bxd4 Bxg5 16. fxg5 Ndxe5 17. Bxe5 Nxe5 18. Qe2 0-0 19. h3 Nd7 20. Qd3 Kg7 21. Rf2 Qc5 22. Raf1 Ne5 23. Qc2 Qc4 24. g3 Qd3 25. Qxd3 Nxd3 26. Rd2 Nc5 27. Nf3 Ne4 28. Rg2 b5 29. h4 Rac8 30. Nd4 a6 31. Kh2 Rc4 32. Nb3 Rc7 33. a3 Re8 34. Rd1 Ra8 35. Nd4 Nd6 36. Re2 Ne4 37. Rd3 Rac8 38. Rc2 Nd6 39. Kg2 Rc4 40. Re2 a5 41. Nb3 Nb7 42. Rdd2 b4 43. axb4 axb4 44. cxb4 Rxb4 45. Nd4 Nc5 46. Kh3 Ne4 47. Rd3 Rcb8 48. b3 R4b6 49. Rc2 Nd6 50. Rc7 Nb5 51. Nxb5 Rxb5 52. Rf3 Rf8 53. Re7 Rb4 54. Kg2 Re4 55. Rd7 Re5 56. b4 Rf5 57. Rxf5 gxf5 58. Rb7 Rc8 59. Kf2 Rc3 60. b5 Rb3 61. Rb8 e5 62. b6 d4 63. b7 e4 64. Ke2 Rb2+ 65. Kd1 e3 66. Kc1 e2 67. Kxb2 e1Q 68. Rg8+ Kxg8 69. b8Q+ Kg7 70. Qd6 Qc3+ 71. Ka2 d3 72. Qf6+ Qxf6 73. gxf6+ Kxf6 74. Kb2 Ke5 0-1